| 000 | 00541nam a2200193Ia 4500 | ||
|---|---|---|---|
| 001 | 29020 | ||
| 008 | 140415s9999 xx 000 0 und d | ||
| 020 | _a0-074-71217-9 | ||
| 040 | _cPK-LaUMT | ||
| 082 |
_a 956.94 _bBIC-H |
||
| 100 | _aIan J. Bickerton | ||
| 245 | _aHistoriography of the Arab/Israeli conflict contested spaces | ||
| 260 |
_aNew York,USA: _bMcGraw-Hill, _c2005 |
||
| 300 | _a176 p. | ||
| 546 | _aEN | ||
| 650 | _aArab-Israeli conflict-Textbooks, Jewish-Arab relations-textboosk | ||
| 700 | _aMaria Hill | ||
| 942 | _cBK | ||
| 999 |
_c29095 _d29095 |
||